| 000 | 00478nam a22001817a 4500 | ||
|---|---|---|---|
| 003 | CEME | ||
| 005 | 20210628204141.0 | ||
| 008 | 210112b xxu||||| |||| 00| 0 eng d | ||
| 020 | _a9780719545238 | ||
| 040 | _cceme | ||
| 082 | _a651.7 SIL | ||
| 100 |
_aSillars, Stuart _968975 |
||
| 245 | _aSuccess in communication | ||
| 260 |
_aMALTA _bJOHN MURRAY _c2009 |
||
| 300 | _aXIV, 354P | ||
| 650 |
_aCOMMUNICATION ENGINEERING.SUCCESS IN COMMUNICATION _968976 |
||
| 942 |
_cBK _2ddc |
||
| 999 |
_c576413 _d576413 |
||